|
|
|
|
| LEADER |
00000cam a2200000 i 4500 |
| 001 |
1/35349 |
| 008 |
061011s1972 eng d |
| 020 |
|
|
|a 0-471-95980-4
|
| 035 |
|
|
|l 10085508
|
| 040 |
|
|
|a GR-MY-UA
|b gre
|e aacr
|
| 041 |
0 |
|
|a eng
|
| 082 |
0 |
|
|a 519.5
|
| 100 |
1 |
|
|a Wonnacott, Thomas H.
|d 1935-
|
| 245 |
1 |
0 |
|a Introductory statistics for business and economics /
|c [by] Thomas H. Wonnacott [and] Ronald J. Wonnacott
|
| 260 |
|
|
|a New York :
|b Wiley,
|c c1977
|
| 650 |
0 |
0 |
|a Statistics.
|
| 700 |
1 |
|
|a Wonnacott, Ronald J.
|
| 852 |
|
|
|a INST
|b CHIOS
|e 20061011
|h 519.5 WON
|p 005200004756
|q 005200004756
|t BK
|y 0
|
| 909 |
|
|
|a Χ
|b 00614
|